1118 1911 1453 1841 1867 1421 1391 1496 1078 1089 1317 1543 1076 1680 1651 1480 1586 1227 1161 1597 1479 1554 1629 1325 1102 1942 1826 1117 1254 1387 1031 1674 1258 1657 1971 1447 1272 1319 1050 1608 1058 1574 1034 1786 1489 1194 1040 1138 1770 1719 1048 1190 1167 1222 1154 1371 1381 1096 1637 1704 1056 1647 1767 1396 1580 1277 1281 1951 1977 1666 1003 1343 1983 1800 1322 1746 1401 1476 1178 1704 1988 1387 1448 1716 1510 1555 1419 1899 1338 1021 1201 1039 1160 1771 1387 1096 1455 1642 1821 BCNSPRNW ULIB Ver.6.0+V

เปลี่ยนเป็นภาษาไทย

Change to English
 แสดงรายละเอียดบรรณานุกรม
  กลับหน้าหลัก

Brief Record : Get Marc (ISO 2709) : E-mail record : QR code < ปิดหน้าต่าง
LEADER : 00000nam 2200000uu 4500
001    13399124311
003     ULIB
008    150308s2556||||th 000 0 tha d
020    ^a9786163482730
060  4 ^aWJ140^bจ344ร
100 0  ^aจำนงค์ นพรัตน์
245 00 ^aระบบขับถ่ายปัสสาวะ :^bการตรวจปัสสาวะ /^cจำนงค์ นพรัตน์
250    ^aพิมพ์ครั้งที่ 2
260    ^aสงขลา :^bหน่วยผลิตตำรา คณะแพทยศาสตร์ มหาวิทยาลัยสงขลานครินทร์,^c2556
300    ^a197 หน้า :^bภาพประกอบสี
650  7 ^aระบบปัสสาวะและอวัยวะสืบพันธุ์
650  7 ^aปัสสาวะ^xการตรวจ
710 1  ^aมหาวิทยาลัยสงขลานครินทร์.^bคณะแพทยศาสตร์.
945    ^p340^l0^i039246
945    ^p340^l0^i039247
945    ^p340^l0^i039248
945    ^p340^l0^i039249
945    ^p340^l0^i039250
995    ^aทศพร
999    ^aทศพร
รายการนี้ยังไม่มีแท็ก
คุณยังไม่ได้ล็อกอิน คุณสามารถมีกิจกรรมร่วมกับเว็บไซต์ได้ แต่ต้องล็อกอินก่อน ::
  ล็อกอิน

รายการสื่อสารสนเทศ

ลำดับที่ ประเภท เลขเรียก/บาร์โค้ด สถานที่ สถานะ
1. วิทยาศาสตร์การแพทย์ และสุขภาพ
หนังสือสำรอง
สถานะ=หนังสือสำรอง
WJ140 จ344ร ฉ.1 
  Barcode: 039246
ห้องสมุดวิทยาเขตสวรรค์ประชารักษ์
►ส่วนจัดเก็บหนังสือเก่า สปร
บนชั้น
  ขอยืม
2. วิทยาศาสตร์การแพทย์ และสุขภาพ
วิทยาศาสตร์การแพทย์ และสุขภาพ
WJ140 จ344ร ฉ.2 
  Barcode: 039247
ห้องสมุดวิทยาเขตสวรรค์ประชารักษ์
►ส่วนจัดเก็บหนังสือเก่า สปร
บนชั้น
  ขอยืม
3. วิทยาศาสตร์การแพทย์ และสุขภาพ
วิทยาศาสตร์การแพทย์ และสุขภาพ
WJ140 จ344ร ฉ.3 
  Barcode: 039248
ห้องสมุดวิทยาเขตสวรรค์ประชารักษ์
►ส่วนจัดเก็บหนังสือเก่า สปร
บนชั้น
  ขอยืม
4. วิทยาศาสตร์การแพทย์ และสุขภาพ
วิทยาศาสตร์การแพทย์ และสุขภาพ
WJ140 จ344ร ฉ.4 
  Barcode: 039249
ห้องสมุดวิทยาเขตสวรรค์ประชารักษ์
►ส่วนจัดเก็บหนังสือเก่า สปร
บนชั้น
  ขอยืม
5. วิทยาศาสตร์การแพทย์ และสุขภาพ
วิทยาศาสตร์การแพทย์ และสุขภาพ
WJ140 จ344ร ฉ.5 
  Barcode: 039250
ห้องสมุดวิทยาเขตสวรรค์ประชารักษ์
►ส่วนจัดเก็บหนังสือเก่า สปร
บนชั้น
  ขอยืม

รายการใกล้เคียง
    ผู้แต่ง [จำนงค์ นพรัตน์]

    หัวเรื่อง [ระบบปัสสาวะและอวัยวะสืบพันธุ์]

BibComment


ยังไม่เคยถูกคอมเมนท์

คอมเมนท์ทรัพยากรรายการนี้
  คอมเมนท์: ระบบขับถ่ายปัสสา..


 Copyright 2026. Bcnsprnw @Library